header

Go figure (Record no. 228977)

MARC details
000 -LEADER
fixed length control field 02211nam a2200385 a 4500
082 04 - DEWEY DECIMAL CLASSIFICATION NUMBER
Classification number 820.9/34
245 00 - TITLE STATEMENT
Title Go figure
250 ## - EDITION STATEMENT
Edition statement [1st ed.].
260 ## - PUBLICATION, DISTRIBUTION, ETC. (IMPRINT)
Place of publication New York :
Name of publisher Fordham University Press,
Year of publication 2011.
300 ## - PHYSICAL DESCRIPTION
Number of Pages v, 215 p.
505 0# - FORMATTED CONTENTS NOTE
Formatted contents note Spenser's giant and the new science / Mary Thomas Crane -- The sacramental neuter and the missing body in Robert Southwell's poetics / Lowell Gallagher -- Reconfiguring Figuring: John Donne as Narrative Poet / Heather Dubrow -- The Narrative Turn against Metaphor: Metonymy, Identification, and Roger Boyle's Parthenissa / Amelia Zurcher -- Caterpillage : Death and Truthiness in Seventeenth-Century Dutch Still Life Painting / Harry Berger, Jr. -- Figuring belief : George Herbert's devotional creatures / David Glimp -- Entertaining Friends : Falstaff's Parasitology / Donald Hedrick -- Skin Merchants : Jack Cade's Futures and the Figural Politics of Henry VI, Part II / Julian Yates.
650 #0 - SUBJECT ADDED ENTRY--TOPICAL TERM
Topical Term English literature
Topical Term English language
Topical Term Symbolism in literature.
Topical Term Semiotics in literature.
700 1# - ADDED ENTRY--PERSONAL NAME
Personal name Anderson, Judith H.
Personal name Linton, Joan Pong.
856 40 - ELECTRONIC LOCATION AND ACCESS
Uniform Resource Identifier http://site.ebrary.com/lib/rucke/Doc?id=10460267

No items available.

© 2026 Rongo University
Contact us: librarian | system librarian | Rongo university